00430nam a2200157Ia 45000010006000000050017000060080041000230410008000640820018000721000026000902450096001162600009002123000035002216500008002566540008002641620120260306170252.0260306t2017||||xx |||||||||||||| ||und|| aESP a347.3098bM84 aMomberg, RodrigoeAUT 4aThe future of contract law in Latin America:bthe principles of Latin American contract law c2017 axxxii, 320 páginas :c24 cm. aGEN aCDE